000 00499nam a2200193Ia 4500
003 GCL
008 140319s9999 xx 000 0 eng d
040 _aGCL /
_cGCL
082 0 4 _a778.52343
_bF L
100 1 _aFITT, BRIAN
245 1 0 _aLIGHTING BY DESIGN: A TECHNICAL GUIDE /
_cFITT, BRIAN
700 1 _aTHORNLEY, JOE
260 _a[S.N] :
_bFOCAL PRESS ،
_c1995
300 _a321 P
650 0 4 _aCINEMATOGRAPHY
650 0 4 _aTELEVISION - LIGHTING
650 0 4 _aLIGHTING
942 _2ddc
_cBK
999 _c10570
_d10570